000 00609nam a2200181Ia 4500
008 151202s9999||||xx |||||||||||||| ||und||
082 _bPNVM-59325
100 _aगुजर अनिल.
245 _aहिचकॉकच्या गूढकथा.
260 _bनिशिगंाा प्रकाशन पुणे.
260 _c59325
300 _a174
600 _aगुजर अनिल.
630 _aहिचकॉकच्या गूढकथा.
700 _aगुजर अनिल.
730 _aहिचकॉकच्या गूढकथा.
942 _cBOOK
999 _c1325859
_d1325856